zpět

Detail výsledku týmu

Jazz Tibet Club, Olomouc

Datum a čas kvízu

28.5 Celkem bodů Celkový počet nahraných bodů na tomto kvízu bez doplňovacích otázek.
6. Pořadí na kvízu Konečné umístění týmu na tomto kvízu.

Zaznamenané odpovědi

# Otázka Odpověď Body Výsledky
1. Vozidla taxislužeb již zřejmě... taxametrem 1
2. Hasiči z hesenského Bensheimu... krysu 1
3. Jistá služba internetového úlo... Ulož.to 1
4. Irský oděvní řetězec, populárn... Primark 1
5. Rychlobruslařka Martina Sáblík... v Calgary 1
6. Praha, Plzeň, Pardubice, Příbr... Prachatice 0
7. Francium, rubidium, cesium, dr... lithium (Li) 1
8. Schillerová, Babiš, Kalousek,... Jan Fischer 0
9. Bohdalová, Kubišová, Rettigová... Božena Němcová 1
10. Komedie omylů, Zkrocení zlé že... Mnoho povyku pro nic 0